Analysis of rural producers training system in Adjohoun and Bonou Districts (Ouémé Department) (Record no. 30849)
[ view plain ]
| 000 -LEADER | |
|---|---|
| fixed length control field | 03318 a2200337 4500 |
| 041 ## - CODE DE LANGUE | |
| Language code of summary or abstract/overprinted title or subtitle | En |
| 041 ## - CODE DE LANGUE | |
| Language code of summary or abstract/overprinted title or subtitle | FR |
| 041 ## - CODE DE LANGUE | |
| Language code of summary or abstract/overprinted title or subtitle | En |
| 100 ## - VEDETTE PRINCIPALE - NOM DE PERSONNE | |
| Personal name | ASSOGBA, Sonagnon Claude-Gervais |
| 130 ## - VEDETTE PRINCIPALE - TITRE UNIFORME | |
| Language of a work | Fr |
| 240 ## - UNIFORM TITLE | |
| Uniform title | <a href="Analyse des dispositifs de formation des producteurs ruraux dans les Sous-Préfectures d'Adjohoun et de Bonou (Département de l'Ouémé)">Analyse des dispositifs de formation des producteurs ruraux dans les Sous-Préfectures d'Adjohoun et de Bonou (Département de l'Ouémé)</a> |
| 260 ## - PUBLICATION, DISTRIBUTION, ETC. (IMPRINT) | |
| Place of publication, distribution, etc | Abomey-Calavi |
| 260 ## - PUBLICATION, DISTRIBUTION, ETC. (IMPRINT) | |
| Name of publisher, distributor, etc | FSA/UAC |
| 245 ## - TITLE STATEMENT | |
| Title | Analysis of rural producers training system in Adjohoun and Bonou Districts (Ouémé Department) |
| 260 ## - PUBLICATION, DISTRIBUTION, ETC. (IMPRINT) | |
| Date of publication, distribution, etc | 20 Décembre 2002 |
| 300 ## - PHYSICAL DESCRIPTION | |
| Extent | XXIV-170 p. |
| 300 ## - PHYSICAL DESCRIPTION | |
| Other physical details | 29 cm |
| 502 ## - DISSERTATION NOTE | |
| Dissertation note | Thèse pour l'obtention du Diplôme d'Ingénieur Agronome |
| 520 ## - SUMMARY, ETC. | |
| Summary, etc | L'agriculture représente le véritable moteur de l'économie du Bénin. Ceci justifie le souci permanent de l'Etat, depuis des décennies, de rendre ce secteur florissant par des actions orientées vers les producteurs. Le profil de producteur que l'Etat tente de former est défini par la politique de développement adoptée. L'un des principaux outils à cette fin est la formation. Avant 1990, les politiques de développement adoptée étaient basées sur une participation passive ou informative des producteurs aux prises de décisions qui engagent leur destinée. A partir de 1990, avec l'orientation démocratique et libérale prise par le pays, le contenu du concept de la participation des producteurs connut une évolution. De la participation passive des producteurs aux prises de décisions, on tend progressivement vers une nouvelle forme de participation : la participation interactive. Les actions en direction des producteurs en général et la formation en particulier doivent de ce fait promouvoir une participation active des producteurs à toutes les étapes de leur mise en oeuvre. L'étude , à travers le thème analyse des dispositifs de formation des producteurs ruraux, vise une connaissance approfondie des dispositifs de formation des producteurs ruraux en vue de faire des recommandations pertinentes quant aux améliorations à leur apporter. Les considérations théoriques qui ont servi de fil conducteur pour la conduite des travaux sont celles relatives à l'éducation des adultes et la démarche d'ingénierie des dispositifs de formation. Ces considérations théoriques ainsi que les objectifs et les hypothèdes d'étude nous ont amené à faire l'option d'une méthodologie principalement qualitative. Les outils de collecte utilisés sont principalement les interviews structurées, semi-structurées et les observations participantes. Une formation, pour être efficace, doit répondre aux besoins des producteurs, se baser sur les méthodes d'apprentissage compatibles à l'éducation des adultes , utiliser des ressources humaines compétentes et mettre en place un dispositif d'accompagnement adéquat. |
| 653 1# - INDEX TERM--UNCONTROLLED | |
| Uncontrolled term | Economie, Socio-Anthropologie et Communication pour le Développement Rural |
| 650 ## - SUBJECT ADDED ENTRY--TOPICAL TERM | |
| Topical term or geographic name as entry element | FORMATION |
| 650 ## - SUBJECT ADDED ENTRY--TOPICAL TERM | |
| Topical term or geographic name as entry element | PRODUCTEUR |
| 650 ## - SUBJECT ADDED ENTRY--TOPICAL TERM | |
| Topical term or geographic name as entry element | ZONE RURALE |
| 651 ## - SUBJECT ADDED ENTRY--GEOGRAPHIC NAME | |
| Geographic name | BONOU |
| 651 ## - SUBJECT ADDED ENTRY--GEOGRAPHIC NAME | |
| Geographic name | ADJOHOUN |
| 653 #1 - INDEX TERM--UNCONTROLLED | |
| Uncontrolled term | Economie, Socio-Anthropologie et Communication pour le Développement Rural |
| 651 ## - SUBJECT ADDED ENTRY--GEOGRAPHIC NAME | |
| Geographic name | BENIN |
| 690 ## - LOCAL SUBJECT ADDED ENTRY--TOPICAL TERM (OCLC, RLIN) | |
| Topical term or geographic name as entry element | ORGANISATION PAYSANNE |
| 710 ## - ADDED ENTRY--CORPORATE NAME | |
| Corporate name or jurisdiction name as entry element | Abomey-Calavi, Université d'Abomey-Calavi, Faculté des Sciences Agronomiques, Bj |
| Withdrawn status | Lost status | Damaged status | Not for loan | Location (home branch) | Sublocation or collection (holding branch) | Date acquired | Koha issues (times borrowed) | Koha full call number | Koha date last seen | Copy number | Price effective from | Koha item type | Public note |
|---|---|---|---|---|---|---|---|---|---|---|---|---|---|
| Bibliothèque-Centre de Documentation de la Faculté des Sciences Agronomiques | Bibliothèque-Centre de Documentation de la Faculté des Sciences Agronomiques | 08/05/2005 | T.ESAC.2002.010 | 28/02/2009 | 03 | 28/02/2009 | Livre | A.8295 |